000 00577nam a2200193 i 4500
001 24727
003 ES-MaACL
005 20260525062924.0
007 t|
008 021218s1972 sp ||||1| spa d
245 0 0 _aAntología de poesía árabe contemporánea /
_cLeonor Martínez Martín.
260 _aMadrid :
_bEspasa-Calpe,
_c[1972]
300 _a235 p. ;
_c18 cm.
490 1 _aColección austral ;
_v1518
700 1 _aMartínez Martín, Leonor.
_978203
830 0 _aColección austral
_v1518
_9177655
852 _aES-MaACL
_jC-52128
_bR.84443
999 _c24727
_d24727